000 00755nam0a2200241 4500
001 RU\NLR\BIBL_A\012739755
005 20250624135910.0
035 _a(NLR Aleph) 012739755
090 _a13307940
_c13307940
100 _a20220324d1981 |||y0rusy50 ca
101 0 _aaze
102 _aAZ
105 _ay z 000 y
200 1 _aИпә- сапа дүзүлмәмиш инҹиләр
_f[тәрт. ед.: Б. Чәркәсов, фәл. елм. нам.]
210 _aБакы
_cАзәрнәшр
_d1981
215 _a242, [2] c.
_d21
541 1 _6z01790
_aАфоризмы и мудрые слова
_zrus
686 1 _aШ3(0/8)
702 1 _aЧәркәсов
_bБ.
_4220
852 _aNLR
_bОНЛ
_jАзерб./3-11156
942 _cBOOK
980 _aNB